Visualizzazione normale
Vista MARC
- Jones Quincy
di Personal Name
Records bibliografici associati: 1
001 - CONTROL NUMBER
- control field: 26487
003 - CONTROL NUMBER IDENTIFIER
- control field: IT-RoPau
005 - DATE AND TIME OF LATEST TRANSACTION
- control field: 20140523164555.0
008 - FIXED-LENGTH DATA ELEMENTS
- fixed length control field: 140523|| aca||aabn | a|a d
040 ## - CATALOGING SOURCE
- Original cataloging agency: IT-RoPau
- Transcribing agency: IT-RoPau
100 ## - HEADING--PERSONAL NAME
- Personal name: Jones Quincy
- Miscellaneous information: Codice autore musica SPICS: 10960
- Relator term: Autore musica
- Name of part/section of a work: The Secret Garden - Prologue (2 Q's Rap) - Back On the Block - Wee B. Dooinit
670 ## - SOURCE DATA FOUND
- Source citation: Work cat.: (IT-RoPau)101138: AA.VV. 794, Back On the Block